Normal view
MARC view
- Nyvad, Bente
Entry Personal Name
001 - CONTROL NUMBER
- control field: 41579
003 - CONTROL NUMBER IDENTIFIER
- control field: OSt
005 - DATE AND TIME OF LATEST TRANSACTION
- control field: 20161019103047.0
008 - FIXED-LENGTH DATA ELEMENTS
- fixed length control field: 161019|| aca||aabn | a|a d
040 ## - CATALOGING SOURCE
- Original cataloging agency: OSt
100 1# - HEADING--PERSONAL NAME
- Personal name: Nyvad, Bente
400 ## - SEE FROM TRACING--PERSONAL NAME
- Personal name: Nyvad, B.
- Fuller form of name: (Bente)